| 000 | 01333nam a2200217 i 4500 | ||
|---|---|---|---|
| 001 | 43195 | ||
| 003 | ES-MaACL | ||
| 005 | 20251210190641.0 | ||
| 007 | t| | ||
| 008 | 030317s1888 pe ||||1| spa d | ||
| 245 | 0 | 3 |
_aEl Ateneo de Lima _b: certamen literario. |
| 260 |
_aPerú : _b[s.n.], _c1888 ( _fImp. de Torres Aguirre) |
||
| 300 |
_aP. [81]-248 ; _c29 cm. |
||
| 500 | _aEn la cubierta: "Reunimos en el presente volumen, que abraza los números 61 á 64 del "Ateneo," correspondiente á los meses de Agosto y Setiembre, los trabajos relativos al Certamen Literario con que esta Sociedad celebró, el 2 de agosto de 1888, el aniversario de su renacimiento" | ||
| 505 | 8 | _aContiene: Programa del Concurso -- Actas del Jurado -- Programa de la Velada -- Discurso del Presidente del Ateneo -- Informes de las Comisiones -- La Invasión (leyenda histórica) por Carlos G. Amézaga -- El hombre de bien (comedia) por Juan F. de Aycinena -- La sucesión de los Incas por el Dr. P. Patron -- Al volver a la patria por Lastenia L. de Llona -- Bibliografía y crítica histórica por E. Larrabure y Unánue | |
| 590 | 0 | _aDatos para la descripción tomados de la cubierta. | |
| 700 | 1 |
_aAmézaga, Carlos Germán, _d1862-1906 _9166972 |
|
| 710 | 0 |
_aAteneo de Lima. _91872 |
|
| 852 |
_aES-MaACL _jT-501-F-3 |
||
| 999 |
_c43195 _d43195 |
||